000 00295nam a22001337a 4500
003 SGT
082 _a340,CHE
100 _aCHERUNILAM,F.
245 _aBUSINESS ENVIROMENT TEXT & CASE
260 _aNEW DELHI
_bHARYANA
_c`2011
300 _a774
650 _aBUSINESS ENVIROMENT
942 _2ddc
_cBK
999 _c11099
_d11099